The question of an ocean dumping convention : conclusions of the Working Group on an Ocean Dumping Convention jointly formed by the American Society of International Law and the Committee on International Marine Science Affairs Policy of the National Academy of Sciences. Background paper /

Bibliographic Details
Corporate Author: Working Group on an Ocean Dumping Convention
Other Authors: Hunter, Lawson A. W., 1945-
Format: Book
Language:English
Published: Washington, D.C. : American Society of International Law, 1972.
Series:Studies in transnational legal policy ; no. 2.
Subjects:

MARC

Tag First Indicator Second Indicator Subfields
LEADER 00000cam a2200000 a 4500
001 in00000082311
005 20151008061126.0
008 721019s1972 dcu b 00000 engm
010 |a  72010569  
035 |a (OCoLC)00488358 
035 |9 AAJ7362AM 
040 |a DLC  |c DLC  |d TXA  |d UtOrBLW 
049 |a TXAM  |c [1502771] 
082 0 |a 341.7/62 
090 |a K3589.5  |b .Q84 1972 
099 |a K  |a Q5 
245 0 4 |a The question of an ocean dumping convention :  |b conclusions of the Working Group on an Ocean Dumping Convention jointly formed by the American Society of International Law and the Committee on International Marine Science Affairs Policy of the National Academy of Sciences. Background paper /  |c by Lawson A.W. Hunter. 
264 1 |a Washington, D.C. :  |b American Society of International Law,  |c 1972. 
300 |a vi, 53 pages ;  |c 23 cm. 
336 |a text  |b txt  |2 rdacontent 
337 |a unmediated  |b n  |2 rdamedia 
338 |a volume  |b nc  |2 rdacarrier 
490 1 |a Studies in transnational legal policy ;  |v no. 2 
504 |a Includes bibliographical references. 
505 0 |a pt. 1. Summary of conclusions of the Working Group on an Ocean Dumping Convention -- pt. 2. Background paper : prospects for an ocean dumping convention / by Lawson A.W. Hunter -- Appendix : selected texts of draft conventions on ocean dumping. 
650 0 |a Marine pollution  |x Law and legislation. 
650 0 |a Waste disposal in the ocean  |x Law and legislation. 
700 1 |a Hunter, Lawson A. W.,  |d 1945- 
710 2 2 |a Working Group on an Ocean Dumping Convention.  |t Conclusions. 1972. 
830 0 |a Studies in transnational legal policy ;  |v no. 2. 
999 |a MARS 
999 f f |s 4e237693-a536-36f5-a5e0-8ad18916c5c5  |i 67409275-d8bd-3b64-abfe-23a36b53bb60  |t 0 
952 f f |p ric  |a Texas A&M University  |b Rellis Campus  |c Joint Library Facility  |d Remote Storage  |t 0  |e K3589.5 .Q84 1972  |h Library of Congress classification  |i unmediated -- volume  |m A14809482662 
998 f f |a K3589.5 .Q84 1972  |t 0  |l Remote Storage